000 01005nab a2200229 i 4500
001 BPP
003 BPK
005 20151019131816.0
008 151019s2002 pl | | |000 ||pol
040 _cBPK
080 _a338.48-44(1-88)
100 _aBORZYSZKOWSKI, Jacek.
_d1999 - .
_bPolitechnika Koszalińska - Wydział Ekonomii i Zarządzania,
_cKatedra Turystyki
245 _aBaza noclegowa województwa zachodniopomorskiego /
_cJacek Borzyszkowski.
260 _c2002.
500 _aDane z autopsji.
520 _aPraca ma ukazać jakim potencjałem turystycznym, w skali całego kraju, dysponuje województwo zachodniopomorskie, a także przestrzenne rozmieszczenie funkcji turystycznej w obrębie tego regionu.
650 0 _aTurystyka.
650 0 _aHotelarstwo.
650 0 _aZachodniopomorskie, województwo.
773 _iW :
_tKoszalińskie Studia i Materiały. -
_dKoszalin : Wydaw. Uczelniane Politechniki Koszalińskiej, 2002. -
_gnr 4, s. 139-148
942 _cART
_2UKD
999 _c4378
_d4378